[Event "Arab-ch"]
[Site "Khartoum"]
[Date "2023.02.28"]
[Round "4"]
[White "Khader, Aram"]
[Black "Eltigani, Omar"]
[Result "1/2-1/2"]
[WhiteElo "2142"]
[BlackElo "2235"]
[PlyCount "106"]
[EventDate "2023.02.26"]
[EventType "swiss"]
[EventRounds "9"]
[EventCountry "SUD"]
[SourceTitle "CBM 213 Extra"]
[Source "ChessBase"]
[SourceDate "2023.05.31"]
[SourceVersion "1"]
[SourceVersionDate "2023.05.31"]
[SourceQuality "1"]

1. e4 c5 2. Nf3 g6 3. d4 cxd4 4. Nxd4 Bg7 5. c4 Nc6 6. Be3 Nf6 7. Nc3 d6 8. f3 0-0 9. Qd2 Nxd4 10. Bxd4 Bd7 11. 0-0-0 a6 12. Kb1 Be6 13. g4 b5 14. cxb5 axb5 15. Bxb5 Qa5 16. a4 Bb3 17. g5 Nh5 18. Nd5 Ba2+ 19. Ka1 Bxd5 20. Qxa5 Rxa5 21. exd5 Nf4 22. Bxg7 Kxg7 23. Rd4 e5 24. dxe6 Nxe6 25. Rxd6 Nxg5 26. b4 Ra7 27. Bc6 Rb8 28. f4 Ne6 29. Rb1 Ra6 30. a5 Rbb6 31. Rxe6 fxe6 32. Be4 Rd6 33. Ka2 Rd4 34. Bb7 Rxb4 35. Bxa6 Ra4+ 36. Kb3 Rxa5 37. Bc4 Rf5 38. Rf1 Kf6 39. Kc3 e5 40. fxe5+ Kxe5 41. Re1+ Kf4 42. Kd4 Kf3 43. Bd5+ Kf4 44. Rg1 Rh5 45. Rg2 Rh4 46. Be4 Rh3 47. Rf2+ Kg5 48. Ke5 Ra3 49. Rg2+ Kh6 50. Rg3 Rxg3 51. hxg3 Kg5 52. Bf3 h5 53. Ke4 h4 1/2-1/2

[Event "Arab-ch"]
[Site "Khartoum"]
[Date "2023.02.27"]
[Round "2"]
[White "Ammar, Sedrani"]
[Black "Eltigani, Omar"]
[Result "1/2-1/2"]
[WhiteElo "2183"]
[BlackElo "2235"]
[PlyCount "114"]
[EventDate "2023.02.26"]
[EventType "swiss"]
[EventRounds "9"]
[EventCountry "SUD"]
[SourceTitle "CBM 213 Extra"]
[Source "ChessBase"]
[SourceDate "2023.05.31"]
[SourceVersion "1"]
[SourceVersionDate "2023.05.31"]
[SourceQuality "1"]

1. d4 d5 2. c4 c6 3. cxd5 cxd5 4. Nc3 Nf6 5. Bf4 Nc6 6. e3 a6 7. Bd3 Bg4 8. Qb3 Na5 9. Qc2 e6 10. Nge2 Bxe2 11. Qxe2 Bb4 12. Rc1 h6 13. 0-0 0-0 14. a3 Bd6 15. Bxd6 Qxd6 16. b4 Nc6 17. f4 a5 18. b5 Ne7 19. Qb2 b6 20. Rc2 Rac8 21. Rfc1 Nd7 22. Nb1 Rxc2 23. Rxc2 f6 24. Qc1 e5 25. g3 Re8 26. Qd1 Qe6 27. Qh5 Rd8 28. Kf2 exd4 29. exd4 f5 30. Qe2 Qd6 31. Kg2 Nf8 32. Qe3 Kf7 33. a4 Re8 34. Re2 Rc8 35. Nd2 Rc3 36. Nf3 Nd7 37. h3 Nf6 38. Ne5+ Kg8 39. Qf3 Qa3 40. g4 Ng6 41. Nxg6 Rxd3 42. Qf2 Ne4 43. Qh4 Kh7 44. Kh2 Rd2 45. Rxd2 Nxd2 46. Ne5 Qe3 47. g5 Qe2+ 48. Kh1 Qf1+ 49. Kh2 Qe2+ 50. Kh1 Qe4+ 51. Kh2 Nf3+ 52. Nxf3 Qxf3 53. gxh6 Qe2+ 54. Kg1 gxh6 55. Qf6 Qe3+ 56. Kg2 Qd2+ 57. Kg1 Qe1+ 1/2-1/2

[Event "Titled Tuesday intern op 4th Aug 10am"]
[Site "Chess.com INT"]
[Date "2020.08.04"]
[Round "1"]
[White "Eltigani, Omar"]
[Black "Palacio, Igor Da Paz"]
[Result "0-1"]
[WhiteElo "2235"]
[BlackElo "2172"]
[PlyCount "58"]
[EventDate "2020.08.04"]
[EventType "swiss (blitz)"]
[EventRounds "10"]
[EventCountry "USA"]
[SourceTitle "CBM 197 Extra"]
[Source "ChessBase"]
[SourceDate "2020.09.30"]
[SourceVersion "1"]
[SourceVersionDate "2020.09.30"]
[SourceQuality "1"]

1. d4 Nf6 2. c4 d6 3. Nf3 Nbd7 4. Nc3 e5 5. e3 g6 6. Be2 Bg7 7. 0-0 0-0 8. b3 Re8 9. Bb2 a5 10. Rc1 exd4 11. exd4 Ne4 12. Nxe4 Rxe4 13. Bd3 Re8 14. Qc2 a4 15. b4 a3 16. Ba1 Nb6 17. h3 Bd7 18. d5 Bxa1 19. Rxa1 Qf6 20. Be4 Re7 21. Nd2 Rae8 22. Bf3 Qf4 23. Rad1 Ba4 24. Qc3 Bxd1 25. Bxd1 Re1 26. Nf3 Rxf1+ 27. Kxf1 Qxc4+ 28. Qxc4 Nxc4 29. Nd4 Nd2+ 0-1

[Event "Titled Tuesday intern op 4th Aug 10am"]
[Site "Chess.com INT"]
[Date "2020.08.04"]
[Round "8"]
[White "Eltigani, Omar"]
[Black "Salinas Herrera, Pablo Patricio"]
[Result "1-0"]
[WhiteElo "2235"]
[BlackElo "2514"]
[PlyCount "83"]
[EventDate "2020.08.04"]
[EventType "swiss (blitz)"]
[EventRounds "10"]
[EventCountry "USA"]
[SourceTitle "CBM 197 Extra"]
[Source "ChessBase"]
[SourceDate "2020.09.30"]
[SourceVersion "1"]
[SourceVersionDate "2020.09.30"]
[SourceQuality "1"]

1. d4 d5 2. c4 c6 3. Nc3 Nf6 4. e3 e6 5. Nf3 Nbd7 6. Bd3 Bd6 7. 0-0 0-0 8. e4 dxc4 9. Bxc4 e5 10. Bg5 exd4 11. Qxd4 Bc5 12. Qd2 Nb6 13. Bd3 Be7 14. Bxf6 Bxf6 15. e5 Be7 16. Rad1 h6 17. Qf4 Be6 18. Bh7+ Kxh7 19. Rxd8 Raxd8 20. Nd4 Bc4 21. Re1 Bg5 22. Qe4+ Kg8 23. h4 Bd2 24. Rd1 Bxc3 25. bxc3 c5 26. Qxb7 cxd4 27. Qxa7 Nc8 28. Qc5 Bxa2 29. cxd4 Bd5 30. f4 g6 31. g4 Rfe8 32. f5 Ne7 33. f6 Nc6 34. Rc1 Rc8 35. Qxd5 Nb4 36. Rxc8 Rxc8 37. Qb7 Rc1+ 38. Kf2 Rc2+ 39. Ke3 Rc3+ 40. Kd2 Rd3+ 41. Ke2 Rxd4 42. e6 1-0

[Event "Online Olym Div4 C"]
[Site "Chess.com INT"]
[Date "2020.08.01"]
[Round "4.4"]
[White "Eltigani, Omar"]
[Black "Tadese, Estube Haileselassi"]
[Result "1-0"]
[WhiteElo "2235"]
[BlackElo "2097"]
[PlyCount "55"]
[EventDate "2020.07.31"]
[EventType "team-tourn (rapid)"]
[EventRounds "9"]
[EventCountry "USA"]
[SourceTitle "CBM 198"]
[Source "ChessBase"]
[SourceDate "2020.10.31"]
[SourceVersion "1"]
[SourceVersionDate "2020.10.31"]
[SourceQuality "1"]
[WhiteTeam "Sudan"]
[BlackTeam "Ethiopia"]
[WhiteTeamCountry "SUD"]
[BlackTeamCountry "ETH"]

1. d4 Nf6 2. c4 e6 3. Nf3 d5 4. Nc3 Nbd7 5. cxd5 exd5 6. Bf4 Bb4 7. e3 0-0 8. Rc1 c5 9. Be2 Ne4 10. 0-0 Nxc3 11. bxc3 Ba3 12. Rb1 c4 13. e4 Nf6 14. Bg5 dxe4 15. Ne5 h6 16. Bh4 Be7 17. Bxc4 Nd5 18. Bxe7 Nxe7 19. Qb3 Qe8 20. Rbe1 Bf5 21. Qxb7 Rc8 22. f3 exf3 23. Rxf3 Be6 24. d5 Rb8 25. dxe6 f6 26. Qxa7 fxe5 27. Rf7 Nf5 28. Rf1 1-0

[Event "Online Olym Div4 C"]
[Site "Chess.com INT"]
[Date "2020.08.01"]
[Round "5.3"]
[White "Mwale, Joseph"]
[Black "Eltigani, Omar"]
[Result "1/2-1/2"]
[WhiteElo "2159"]
[BlackElo "2235"]
[PlyCount "66"]
[EventDate "2020.07.31"]
[EventType "team-tourn (rapid)"]
[EventRounds "9"]
[EventCountry "USA"]
[SourceTitle "CBM 198"]
[Source "ChessBase"]
[SourceDate "2020.10.31"]
[SourceVersion "1"]
[SourceVersionDate "2020.10.31"]
[SourceQuality "1"]
[WhiteTeam "Malawi"]
[BlackTeam "Sudan"]
[WhiteTeamCountry "MWI"]
[BlackTeamCountry "SUD"]

1. d4 d5 2. c4 c6 3. g3 Nf6 4. Bg2 e6 5. Nf3 Nbd7 6. 0-0 Be7 7. Nc3 0-0 8. Re1 b6 9. Nd2 Bb7 10. e4 dxe4 11. Ndxe4 Nxe4 12. Nxe4 Nf6 13. Bf4 Nxe4 14. Bxe4 Bf6 15. Be5 Qe7 16. Qh5 g6 17. Bxf6 Qxf6 18. Qe5 Qxe5 19. dxe5 Rfd8 20. Rad1 Kf8 21. b3 Ke7 22. h4 h6 23. Kg2 a5 24. a3 Rd7 25. Rxd7+ Kxd7 26. Rd1+ Kc7 27. Kf3 Rb8 28. Ke3 c5 29. Bxb7 Rxb7 30. h5 b5 31. hxg6 fxg6 32. Rd6 bxc4 33. bxc4 Rb6 1/2-1/2

[Event "Online Olym Div4 C"]
[Site "Chess.com INT"]
[Date "2020.07.31"]
[Round "3.2"]
[White "Boydia, Sidi"]
[Black "Eltigani, Omar"]
[Result "1/2-1/2"]
[WhiteElo "2040"]
[BlackElo "2235"]
[PlyCount "57"]
[EventDate "2020.07.31"]
[EventType "team-tourn (rapid)"]
[EventRounds "9"]
[EventCountry "USA"]
[SourceTitle "CBM 198"]
[Source "ChessBase"]
[SourceDate "2020.10.31"]
[SourceVersion "1"]
[SourceVersionDate "2020.10.31"]
[SourceQuality "1"]
[WhiteTeam "Mauritania"]
[BlackTeam "Sudan"]
[WhiteTeamCountry "MAU"]
[BlackTeamCountry "SUD"]

1. e4 c6 2. d4 d5 3. Nd2 dxe4 4. Nxe4 Nf6 5. Nxf6+ exf6 6. Nf3 Bd6 7. Be2 0-0 8. 0-0 Bg4 9. c4 Re8 10. Be3 f5 11. h3 Bh5 12. Re1 Nd7 13. Qc2 Bg6 14. Bd3 f4 15. Bd2 Nf8 16. Bc3 Qd7 17. Rad1 Bh5 18. Be2 Bg6 19. Bd3 Rad8 20. Bxg6 Nxg6 21. d5 Rxe1+ 22. Bxe1 Bf8 23. Bc3 b5 24. b3 bxc4 25. bxc4 Qb7 26. dxc6 Rxd1+ 27. Qxd1 Qxc6 28. Qd5 Qc7 29. Ne5 1/2-1/2

[Event "Online Olym Div4 C"]
[Site "Chess.com INT"]
[Date "2020.07.31"]
[Round "2.5"]
[White "Eltigani, Omar"]
[Black "Eid, Fadi"]
[Result "1/2-1/2"]
[WhiteElo "2235"]
[BlackElo "2323"]
[PlyCount "72"]
[EventDate "2020.07.31"]
[EventType "team-tourn (rapid)"]
[EventRounds "9"]
[EventCountry "USA"]
[SourceTitle "CBM 198"]
[Source "ChessBase"]
[SourceDate "2020.10.31"]
[SourceVersion "1"]
[SourceVersionDate "2020.10.31"]
[SourceQuality "1"]
[WhiteTeam "Sudan"]
[BlackTeam "Lebanon"]
[WhiteTeamCountry "SUD"]
[BlackTeamCountry "LBN"]

1. d4 Nc6 2. Nf3 d5 3. c4 Bg4 4. Nc3 e6 5. Bf4 Bb4 6. e3 Nge7 7. Bg3 0-0 8. h3 Bh5 9. Bd3 dxc4 10. Bxc4 Nd5 11. Rc1 Bg6 12. Bd3 Nxc3 13. bxc3 Bd6 14. Bh4 Qe8 15. 0-0 e5 16. Bb5 a6 17. Bxc6 Qxc6 18. Nxe5 Bxe5 19. dxe5 Qc4 20. Qg4 Qxg4 21. hxg4 Rfe8 22. f4 Be4 23. Rfd1 Bc6 24. Kf2 h6 25. Rd2 Re6 26. Bg3 Rg6 27. g5 hxg5 28. f5 Rh6 29. Rcd1 Be4 30. Rd8+ Rxd8 31. Rxd8+ Kh7 32. Rd7 Bxf5 33. Rxf7 Be4 34. Rxc7 Rb6 35. Rc4 Rb2+ 36. Ke1 Bf5 1/2-1/2

[Event "Wch U18"]
[Site "Durban"]
[Date "2014.09.27"]
[Round "9"]
[White "Sultan, Ibrahim"]
[Black "Eltigani, Omar"]
[Result "1-0"]
[WhiteElo "2023"]
[BlackElo "2261"]
[PlyCount "71"]
[EventDate "2014.09.20"]
[EventType "swiss"]
[EventRounds "11"]
[EventCountry "RSA"]
[SourceTitle "CBM 162 Extra"]
[Source "ChessBase"]
[SourceDate "2014.10.17"]
[SourceVersion "1"]
[SourceVersionDate "2014.10.17"]
[SourceQuality "1"]

1. d4 Nf6 2. c4 c5 3. d5 e6 4. Nc3 exd5 5. cxd5 d6 6. Nf3 g6 7. Nd2 Na6 8. e4 Bg7 9. Nc4 0-0 10. Bf4 b5 11. Nxb5 Nxe4 12. Nbxd6 Nxd6 13. Bxd6 Re8+ 14. Be2 Re4 15. Bg3 h5 16. h4 Qe7 17. Ne3 Bxb2 18. Rb1 Bc3+ 19. Kf1 Bg4 20. Nxg4 hxg4 21. Bxa6 Re8 22. f3 Rd4 23. Qc2 Bb4 24. d6 Qf6 25. Rd1 gxf3 26. Rxd4 cxd4 27. Qc6 Re3 28. gxf3 d3 29. Kg2 Re2+ 30. Bf2 Qb2 31. Rf1 Be1 32. Qc5 Rc2 33. Qe3 Re2 34. Qxa7 Ba5 35. Bxd3 Rd2 36. Qxa5 1-0

[Event "Wch U18"]
[Site "Durban"]
[Date "2014.09.23"]
[Round "6"]
[White "Eltigani, Omar"]
[Black "Das, Sayantan"]
[Result "0-1"]
[WhiteElo "2261"]
[BlackElo "2456"]
[PlyCount "102"]
[EventDate "2014.09.20"]
[EventType "swiss"]
[EventRounds "11"]
[EventCountry "RSA"]
[SourceTitle "CBM 162 Extra"]
[Source "ChessBase"]
[SourceDate "2014.10.17"]
[SourceVersion "1"]
[SourceVersionDate "2014.10.17"]
[SourceQuality "1"]

1. c4 c5 2. Nf3 Nc6 3. b3 e5 4. Nc3 g6 5. Bb2 Bg7 6. d3 Nge7 7. g3 0-0 8. Bg2 d6 9. 0-0 f5 10. Qd2 h6 11. Nd5 Nxd5 12. cxd5 Ne7 13. b4 b6 14. bxc5 bxc5 15. Nxe5 dxe5 16. d6 Rb8 17. dxe7 Qxe7 18. Rac1 Be6 19. Ba3 Rfc8 20. Rc2 Rc7 21. Rfc1 Rbc8 22. Qe3 Qf7 23. Bb2 f4 24. Qe4 Bf5 25. Qd5 Be6 26. Qe4 Qf5 27. Qxf5 gxf5 28. gxf4 exf4 29. Bxg7 Kxg7 30. d4 c4 31. Rc3 Kg6 32. Kf1 Rg7 33. Bf3 Rcg8 34. Ke1 Rd8 35. e3 fxe3 36. fxe3 f4 37. Kf2 fxe3+ 38. Kxe3 Re7 39. Rd1 Bf5+ 40. Kf2 Bd3 41. d5 Rd6 42. Ra3 Rb6 43. Ra5 a6 44. h4 Kf7 45. Bh5+ Kf8 46. d6 Rxd6 47. Rf5+ Kg7 48. Rg1+ Kh7 49. Rf8 Rd5 50. Bf3 a5 51. Rgg8 h5 0-1

[Event "Wch U18"]
[Site "Durban"]
[Date "2014.09.23"]
[Round "5"]
[White "Nilsen, Martin"]
[Black "Eltigani, Omar"]
[Result "0-1"]
[WhiteElo "2003"]
[BlackElo "2261"]
[PlyCount "48"]
[EventDate "2014.09.20"]
[EventType "swiss"]
[EventRounds "11"]
[EventCountry "RSA"]
[SourceTitle "CBM 162 Extra"]
[Source "ChessBase"]
[SourceDate "2014.10.17"]
[SourceVersion "1"]
[SourceVersionDate "2014.10.17"]
[SourceQuality "1"]

1. d4 d5 2. Bg5 Nf6 3. e3 c5 4. c3 Nc6 5. Bd3 Qb6 6. b3 Bg4 7. Qd2 cxd4 8. exd4 e5 9. dxe5 Nxe5 10. Ne2 Bc5 11. 0-0 0-0 12. b4 Be7 13. Be3 Qc7 14. f3 Bd7 15. Nd4 Bd6 16. Kh1 Nxd3 17. Qxd3 Bxh2 18. Nf5 Qe5 19. f4 Bxf5 20. fxe5 Bxd3 21. Rd1 Be2 22. exf6 Bxd1 23. Nd2 Be5 24. Rxd1 Bxc3 0-1

[Event "Wch U18"]
[Site "Durban"]
[Date "2014.09.21"]
[Round "2"]
[White "Eltigani, Omar"]
[Black "Alekseenko, Kirill"]
[Result "1-0"]
[WhiteElo "2261"]
[BlackElo "2483"]
[PlyCount "123"]
[EventDate "2014.09.20"]
[EventType "swiss"]
[EventRounds "11"]
[EventCountry "RSA"]
[SourceTitle "CBM 162 Extra"]
[Source "ChessBase"]
[SourceDate "2014.10.17"]
[SourceVersion "1"]
[SourceVersionDate "2014.10.17"]
[SourceQuality "1"]

1. d4 d5 2. c4 dxc4 3. e4 Nf6 4. e5 Nd5 5. Bxc4 Nb6 6. Bd3 Nc6 7. Ne2 Bg4 8. f3 Be6 9. Nbc3 Qd7 10. Ne4 Bd5 11. Nc5 Qc8 12. a3 e6 13. Qc2 Bxc5 14. Qxc5 Qd7 15. 0-0 a6 16. Qc3 f6 17. exf6 gxf6 18. Bf4 0-0-0 19. b4 e5 20. dxe5 fxe5 21. Bg3 Qe6 22. b5 axb5 23. Bxb5 Bc4 24. Bxc4 Nxc4 25. Rfd1 Rhg8 26. Rac1 Rxd1+ 27. Rxd1 h5 28. Re1 Qd5 29. a4 Nd6 30. Nc1 Nc4 31. Qd3 Nd4 32. Kh1 Rd8 33. Ne2 Nb2 34. Qg6 Rg8 35. Qb1 Nxe2 36. Rxe2 Nd3 37. Rd2 Rd8 38. h3 Qc4 39. Qa1 Rd5 40. Re2 Qc5 41. Kh2 b6 42. Qf1 Qc4 43. Re4 Rd4 44. Qe2 Kb7 45. Re3 Rd5 46. Re4 Rd4 47. Re3 Rd5 48. Re4 Qc1 49. Rh4 Nc5 50. Rxh5 Rd1 51. Bxe5 Re1 52. Qf2 Rh1+ 53. Kg3 Rf1 54. Qd4 Qe1+ 55. Kg4 Rf2 56. Qd5+ Ka7 57. Rh7 Rxg2+ 58. Kh5 Na6 59. Rh8 Nb8 60. Rxb8 Kxb8 61. Qd8+ Kb7 62. Qxc7+ 1-0

[Event "Wch U18"]
[Site "Al Ain"]
[Date "2013.12.23"]
[Round "9"]
[White "Aleman Hernandez, Andres"]
[Black "Eltigani, Omar"]
[Result "0-1"]
[WhiteElo "2110"]
[BlackElo "2288"]
[PlyCount "72"]
[EventDate "2013.12.18"]
[EventType "swiss"]
[EventRounds "11"]
[EventCountry "UAE"]
[SourceTitle "CBM 158 Extra"]
[Source "ChessBase"]
[SourceDate "2014.02.28"]
[SourceVersion "1"]
[SourceVersionDate "2014.02.28"]
[SourceQuality "1"]

1. g3 Nf6 2. Bg2 d5 3. c4 c6 4. Nf3 g6 5. 0-0 Bg7 6. d4 0-0 7. Nc3 dxc4 8. e4 b5 9. Re1 a5 10. Bg5 h6 11. Bf4 Nbd7 12. Qd2 g5 13. Be5 Nxe5 14. Nxe5 Bb7 15. Rad1 Qb6 16. h4 g4 17. Qf4 Rad8 18. d5 b4 19. Na4 Qb5 20. b3 cxd5 21. exd5 cxb3 22. axb3 Bxd5 23. Bxd5 Rxd5 24. Nxg4 Nxg4 25. Qxg4 Rfd8 26. Rc1 e6 27. Rc7 Rf5 28. Qe4 Bd4 29. Re2 Bxf2+ 30. Kg2 Bd4 31. Rb7 Qa6 32. Kh3 h5 33. Qg2 Qd3 34. Nb6 Qb1 35. Nc4 Rf1 36. Qe4 Rh1+ 0-1

[Event "Wch U18"]
[Site "Al Ain"]
[Date "2013.12.23"]
[Round "7"]
[White "Martinez Maya, Steeven Orlando"]
[Black "Eltigani, Omar"]
[Result "1/2-1/2"]
[WhiteElo "2065"]
[BlackElo "2288"]
[PlyCount "134"]
[EventDate "2013.12.18"]
[EventType "swiss"]
[EventRounds "11"]
[EventCountry "UAE"]
[SourceTitle "CBM 158 Extra"]
[Source "ChessBase"]
[SourceDate "2014.02.28"]
[SourceVersion "1"]
[SourceVersionDate "2014.02.28"]
[SourceQuality "1"]

1. e4 c5 2. Nf3 Nc6 3. d4 cxd4 4. Nxd4 e5 5. Nb5 d6 6. N1c3 Nf6 7. Bg5 a6 8. Na3 b5 9. Nd5 Be7 10. Bxf6 Bxf6 11. c3 0-0 12. Nc2 Bg5 13. a4 bxa4 14. Rxa4 a5 15. Bc4 Rb8 16. b3 Kh8 17. Nce3 g6 18. g3 f5 19. h4 Bxe3 20. Nxe3 fxe4 21. Bd5 Ne7 22. Bxe4 Be6 23. Nd5 Nxd5 24. Bxd5 Qb6 25. 0-0 Bh3 26. Bg2 Bxg2 27. Kxg2 Rf6 28. Qd5 Qxb3 29. Qxa5 Rc8 30. Raa1 Qxc3 31. Qxc3 Rxc3 32. Rfb1 Rf7 33. Rb2 Rd3 34. Re2 Kg7 35. Ra6 h5 36. Rb6 Re7 37. Rb4 Rf7 38. Rb6 Kh6 39. Ra6 Rf5 40. Rc2 g5 41. hxg5+ Kxg5 42. Ra4 d5 43. Ra6 Rdf3 44. Ra5 Rd3 45. Ra6 Rf6 46. Ra8 e4 47. Rg8+ Rg6 48. Rb8 h4 49. gxh4+ Kxh4+ 50. Kf1 Kg5 51. Ke1 Rf6 52. Rh8 Kf4 53. Rh4+ Ke5 54. Ra2 Rc3 55. Rd2 Rc5 56. Ke2 Rf5 57. Rh8 Ra5 58. Re8+ Kf4 59. Rd8 Rc5 60. Rd7 Ke5 61. Re7+ Kf6 62. Re8 Kg7 63. Ra8 Kf7 64. Rb8 Ke7 65. Rh8 Rc3 66. Rh6 Rcf3 67. Ke1 e3 1/2-1/2

[Event "Wch U18"]
[Site "Al Ain"]
[Date "2013.12.22"]
[Round "6"]
[White "Eltigani, Omar"]
[Black "Bargandzhiya, Zaza"]
[Result "1/2-1/2"]
[WhiteElo "2288"]
[BlackElo "2039"]
[PlyCount "99"]
[EventDate "2013.12.18"]
[EventType "swiss"]
[EventRounds "11"]
[EventCountry "UAE"]
[SourceTitle "CBM 158 Extra"]
[Source "ChessBase"]
[SourceDate "2014.02.28"]
[SourceVersion "1"]
[SourceVersionDate "2014.02.28"]
[SourceQuality "1"]

1. Nf3 Nf6 2. c4 e6 3. g3 b6 4. Bg2 Bb7 5. 0-0 c5 6. b3 Be7 7. Bb2 0-0 8. d4 cxd4 9. Qxd4 Nc6 10. Qd1 d5 11. Nbd2 Rc8 12. Rc1 Rc7 13. a3 Rd7 14. Qc2 dxc4 15. Nxc4 Qa8 16. Rfd1 Rxd1+ 17. Rxd1 Rd8 18. Rc1 h6 19. Ne3 Qb8 20. b4 b5 21. Qc3 Bf8 22. Qc2 Be7 23. Ne1 Rc8 24. Qb3 Qa8 25. Nd3 Nd7 26. Nf4 Bf6 27. Nh5 Nce5 28. Nxf6+ gxf6 29. Rd1 Bxg2 30. Nxg2 Qe4 31. Qe3 Qxe3 32. Nxe3 Nb6 33. f4 Ned7 34. Kf2 Rc7 35. Bd4 Kg7 36. Kf3 h5 37. h3 Kf8 38. Rd3 Ke7 39. Rd2 a6 40. g4 hxg4+ 41. Kxg4 Rc1 42. h4 Kf8 43. Rd3 Kg7 44. Kf3 Rc6 45. Rd1 Nc4 46. Ng4 Nxa3 47. Rg1 Kh7 48. Nxf6+ Nxf6 49. Bxf6 Nc2 50. Be7 1/2-1/2

[Event "Wch U18"]
[Site "Al Ain"]
[Date "2013.12.18"]
[Round "1"]
[White "Prince, Bajaj"]
[Black "Eltigani, Omar"]
[Result "1-0"]
[WhiteElo "2227"]
[BlackElo "2288"]
[PlyCount "41"]
[EventDate "2013.12.18"]
[EventType "swiss"]
[EventRounds "11"]
[EventCountry "UAE"]
[SourceTitle "CBM 158 Extra"]
[Source "ChessBase"]
[SourceDate "2014.02.28"]
[SourceVersion "1"]
[SourceVersionDate "2014.02.28"]
[SourceQuality "1"]

1. e4 c5 2. Nf3 e6 3. d4 cxd4 4. Nxd4 a6 5. Be2 Qc7 6. 0-0 Nc6 7. Nc3 Nf6 8. Be3 b5 9. Nxc6 dxc6 10. f4 b4 11. Na4 c5 12. c3 b3 13. Qxb3 Bb7 14. Bf3 Nxe4 15. Rad1 Qc6 16. Nb6 c4 17. Nxc4 Bc5 18. Bxc5 Qxc5+ 19. Rd4 0-0 20. Qxb7 Rab8 21. Qxe4 1-0

[Event "HUN-chT 1213"]
[Site "Hungary"]
[Date "2013.03.03"]
[Round "8"]
[White "Eltigani, Omar"]
[Black "Bali, Janos"]
[Result "1/2-1/2"]
[WhiteElo "2295"]
[BlackElo "2260"]
[PlyCount "36"]
[EventDate "2012.09.16"]
[EventType "team-tourn"]
[EventRounds "9"]
[EventCountry "HUN"]
[SourceTitle "EXT 2014"]
[Source "ChessBase"]
[SourceDate "2013.11.20"]
[SourceVersion "1"]
[SourceVersionDate "2013.11.20"]
[SourceQuality "1"]
[WhiteTeam "Decs"]
[BlackTeam "BEAC"]
[WhiteTeamCountry "HUN"]
[BlackTeamCountry "HUN"]

1. d4 d6 2. c4 e5 3. Nf3 Nd7 4. Nc3 c6 5. g3 Ngf6 6. Bg2 Be7 7. 0-0 0-0 8. Qc2 exd4 9. Nxd4 Nb6 10. b3 d5 11. cxd5 Nbxd5 12. Nxd5 Nxd5 13. Bb2 Bf6 14. Rad1 Qb6 15. Qc4 Nc7 16. Rd2 c5 17. Nf3 Bxb2 18. Rxb2 Qf6 1/2-1/2

[Event "HUN-chT 1213"]
[Site "Hungary"]
[Date "2013.02.17"]
[Round "7"]
[White "Videki, Sandor"]
[Black "Eltigani, Omar"]
[Result "1-0"]
[WhiteElo "2429"]
[BlackElo "2295"]
[PlyCount "63"]
[EventDate "2012.09.16"]
[EventType "team-tourn"]
[EventRounds "9"]
[EventCountry "HUN"]
[SourceTitle "EXT 2014"]
[Source "ChessBase"]
[SourceDate "2013.11.20"]
[SourceVersion "1"]
[SourceVersionDate "2013.11.20"]
[SourceQuality "1"]
[WhiteTeam "Paks"]
[BlackTeam "Decs"]
[WhiteTeamCountry "HUN"]
[BlackTeamCountry "HUN"]

1. e4 c5 2. Nf3 e6 3. d4 cxd4 4. Nxd4 a6 5. Nc3 Qc7 6. Bd3 Nc6 7. Nxc6 dxc6 8. 0-0 Nf6 9. f4 e5 10. Kh1 Bc5 11. Qf3 Bg4 12. Qg3 h5 13. fxe5 h4 14. Qf4 Nh5 15. Qxg4 Ng3+ 16. hxg3 hxg3+ 17. Qh3 Rxh3+ 18. gxh3 0-0-0 19. Bf4 Qd7 20. Kg2 Rh8 21. Rh1 Qe6 22. Be2 Kb8 23. Rad1 Ka8 24. Rd3 f6 25. Bg4 Qc4 26. Rhd1 fxe5 27. Bxe5 Ka7 28. Bxg3 Rf8 29. b3 Qb4 30. Bf3 g5 31. Na4 g4 32. hxg4 1-0

[Event "HUN-chT 1213"]
[Site "Hungary"]
[Date "2013.01.27"]
[Round "6"]
[White "Siklosi, Zoltan"]
[Black "Eltigani, Omar"]
[Result "1/2-1/2"]
[WhiteElo "2329"]
[BlackElo "2295"]
[PlyCount "106"]
[EventDate "2012.09.16"]
[EventType "team-tourn"]
[EventRounds "9"]
[EventCountry "HUN"]
[SourceTitle "EXT 2014"]
[Source "ChessBase"]
[SourceDate "2013.11.20"]
[SourceVersion "1"]
[SourceVersionDate "2013.11.20"]
[SourceQuality "1"]
[WhiteTeam "Toth Laszlo"]
[BlackTeam "Decs"]
[WhiteTeamCountry "HUN"]
[BlackTeamCountry "HUN"]

1. e4 c5 2. Nf3 e6 3. Nc3 a6 4. d4 cxd4 5. Nxd4 Qc7 6. g3 Bb4 7. Bd2 Nc6 8. Nxc6 dxc6 9. Bg2 Nf6 10. 0-0 Be7 11. a4 e5 12. h3 Be6 13. Qe2 0-0 14. Be3 b5 15. Rfd1 Bb4 16. Na2 Bc4 17. Qf3 Be7 18. Nc3 Rfb8 19. b3 Be6 20. Qe2 Bb4 21. Na2 Ba3 22. Bc1 Bc5 23. axb5 axb5 24. Bb2 Nd7 25. Nc1 f6 26. Nd3 Bb6 27. Kh1 Nc5 28. Nb4 Bf7 29. Qd2 Rxa1 30. Bxa1 Ra8 31. f4 Ne6 32. fxe5 fxe5 33. Bc3 Rd8 34. Qe1 Nd4 35. Rd2 h6 36. Qd1 Kh7 37. Kh2 Rd6 38. Nd3 Rg6 39. Ne1 Qe7 40. Rd3 c5 41. Nf3 c4 42. bxc4 bxc4 43. Rd2 Nxf3+ 44. Bxf3 Rf6 45. Bg2 Qc5 46. Qe1 Be6 47. Re2 Bc8 48. Qa1 Ba7 49. Qe1 Bb7 50. Bd2 Qa3 51. Be3 Rd6 52. Bxa7 Qxa7 53. Qg1 Qxg1+ 1/2-1/2

[Event "Africa-ch U20"]
[Site "Hammamet"]
[Date "2012.12.30"]
[Round "8"]
[White "Eltigani, Omar"]
[Black "Soares, Erikson Roberto Mau"]
[Result "1/2-1/2"]
[WhiteElo "2313"]
[BlackElo "2171"]
[PlyCount "30"]
[EventDate "2012.12.24"]
[EventType "swiss"]
[EventRounds "9"]
[EventCountry "TUN"]
[SourceTitle "CBM 152 Extra"]
[Source "ChessBase"]
[SourceDate "2013.02.25"]
[SourceVersion "1"]
[SourceVersionDate "2013.02.25"]
[SourceQuality "1"]

1. d4 d5 2. c4 c6 3. e3 Nf6 4. Nf3 e6 5. Nbd2 Bd6 6. Bd3 Nbd7 7. 0-0 e5 8. cxd5 cxd5 9. e4 0-0 10. Re1 Qc7 11. exd5 exd4 12. Ne4 Nxd5 13. Nxd6 Qxd6 14. Nxd4 Ne5 15. Bf1 Nf6 1/2-1/2

[Event "Africa-ch U20"]
[Site "Hammamet"]
[Date "2012.12.25"]
[Round "3"]
[White "Eltigani, Omar"]
[Black "Hichem, Abd Errahmen"]
[Result "1/2-1/2"]
[WhiteElo "2313"]
[BlackElo "2356"]
[PlyCount "74"]
[EventDate "2012.12.24"]
[EventType "swiss"]
[EventRounds "9"]
[EventCountry "TUN"]
[SourceTitle "CBM 152 Extra"]
[Source "ChessBase"]
[SourceDate "2013.02.25"]
[SourceVersion "1"]
[SourceVersionDate "2013.02.25"]
[SourceQuality "1"]

1. d4 Nf6 2. c4 g6 3. Nc3 Bg7 4. e4 d6 5. Bd3 0-0 6. Nge2 Nc6 7. 0-0 e5 8. d5 Nd4 9. Nxd4 exd4 10. Nb5 Re8 11. Re1 a6 12. Nxd4 Nxd5 13. cxd5 Bxd4 14. Qc2 Bd7 15. Be3 Bg7 16. Qb3 c5 17. dxc6 Bxc6 18. Bc4 Qf6 19. Bd5 Bxd5 20. Qxd5 Qe6 21. Qxb7 Qxe4 22. Qxe4 Rxe4 23. Rad1 Rd8 24. Re2 d5 25. Red2 d4 26. g3 h6 27. Rd3 g5 28. Kg2 f5 29. b4 Bf6 30. a4 Kg7 31. Bd2 Rc8 32. b5 axb5 33. axb5 Re6 34. Re1 Rb6 35. Rb3 Rc2 36. Ba5 Rb7 37. h4 g4 1/2-1/2